000 00633nam a2200253Ia 4500
003 OSt
005 20221007110747.0
006 a|||||r|||| 00| 0
007 ta
008 221006b |||||||| |||| 00| 0 eng d
024 _a21,813
037 _cTextual
040 _aLCO
_cLCO
_beng
041 _2eng
_aeng
082 _aX8(A):Z, L3
100 _aKothari G.M.
245 0 _aA Study of Industrial Law
250 _a2nd
260 _aBombay
_bN.M. Triapathi Limited India
_c1973
300 _a759
650 _aINDUSTRIAL LAW
942 _hX8(A):Z, L3
_cTEXL
999 _c1191376
_d1191376